000 01176nam a2200277 i 4500
001 141401
003 ES-MaACL
005 20250808063529.0
007 t|
008 070921s1964 sp ||||1| spa d
017 _aTF 252-1964
_bOficina Depósito Legal Tenerife
080 _a015(649)
100 1 _aVizcaya Carpenter, Antonio,
_d1928-1984
_eaut
_9115620
245 1 0 _aTipografía canaria :
_bdescripción bibliográfica de las obras editadas en las islas Canarias desde la introducción de la imprenta hasta el año 1900... /
_cAntonio Vizcaya Carpenter
260 _aSanta Cruz de Tenerife :
_b[Instituto de Estudios Canarios en la Universidad de La Laguna],
_c1964
300 _aXCII, 726 páginas, 38 hojas :
_bilustraciones ;
_c25 cm
490 1 _aBibliografías locales ;
_v2
_9189819
650 7 _aBibliografías canarias
_2embne
_9241653
655 7 _aBibliografías
_2tgfbne
_9226825
710 2 _aInstituto de Estudios Canarios
_eedt
_94891
830 0 _aBibliografías locales ;
_v2
_9189819
852 _aES-MaACL
_bR.56613
_cDEPO2
_jC-27320
_9146511
942 _2udc
_cMONOGRAFIA
_n0
999 _c141401
_d141401